000 00302nam a22001337a 4500
008 170621b xxu||||| |||| 00| 0 eng d
020 _a0923993061
041 _aeng
080 _a32
100 _a20
101 _aSHP
245 _aTUPELO THE EVOLUTION OF A COMMUNITY
_cGRISHAM,V.L
942 _2udc
_cBK
999 _c18499
_d18499